000 00955nam a2200253Ia 4500
008 130821s2004 ck gr spa
020 _a9582400609
040 _aCo-BoUCM
_bspa
041 0 0 _aspa
245 0 0 _aCuentos Colombianos antología
_cJosé Félix Fuenmayot...[et al] ; edición y prólogo Conrado Zuluaga
260 _aBogotá (Colombia)
_bSantillana
_c2004
300 _a117 páginas
650 0 4 _aCuentos colombianos
_912261
650 0 4 _aEnsayos colombianos
_914557
650 0 4 _aLiteratura colombiana
_918629
700 1 _aBurgos Cantor, Roberto
_d1948-
_970112
700 1 _aCaballero Calderón, Eduardo
_d1910-1993
_933574
700 1 _aCepeda Samudio, Alvaro
_983584
700 1 _aFuenmayor, José Félix
_d1885-1966
_9165142
700 1 _aMejía Vallejo, Manuel
_d1923-1998
_933633
700 1 _aTéllez, Hernando
_d1908-1966
_988149
942 _cLIBRO
_a18
_e1
_kC
_mC965c
_2DEWEY
_h868.44
_n0
999 _c60176
_d60176